| 000 | 02684cam a22005897a 4500 | ||
|---|---|---|---|
| 003 | CHAP | ||
| 005 | 20220817043249.0 | ||
| 008 | 971013s1987 r 00010 spa d | ||
| 010 | _a69886 | ||
| 011 | _a70858 | ||
| 035 | _a80411 | ||
| 040 | _cCHAP | ||
| 082 |
_a633.74 _bL6 |
||
| 100 | 0 | 0 |
_aLópez Mendoza, Roberto. _968119 |
| 245 | 1 | 3 | _aEl cacao en Tabasco |
| 260 |
_aChapingo, Méx. : _bUACH. Dirección de Difusión Cultural, _c1987 |
||
| 300 |
_a287 p. _b: ilus. |
||
| 490 | 0 |
_aColección cuadernos universitarios. Serie Agronomía _v; 13 |
|
| 500 | _a1 c. en bodega | ||
| 590 |
_aBATCH-UPD _b10 _c20130110 _lUCH01 _h0156 |
||
| 590 |
_aBATCH-UPD _b10 _c20130110 _lUCH01 _h1724 |
||
| 590 |
_aBATCH-UPD _b10 _c20130409 _lUCH01 _h2158 |
||
| 590 |
_aBATCH-UPD _b10 _c20130410 _lUCH01 _h1106 |
||
| 590 |
_aBATCH-UPD _b10 _c20130914 _lUCH01 _h0804 |
||
| 590 |
_aCONVERSION _b10 _c20130109 _lUCH01 _h1338 |
||
| 650 | 1 | 4 |
_aCacao _xTabasco. _916973 |
| 710 | 0 |
_aUACH. Subdirección de Centros Regionales. _9115962 |
|
| 830 | 0 |
_aColección cuadernos universitarios Serie agronomía _v; 13 |
|
| 901 | _aBK | ||
| 942 | _cLIBRO | ||
| 949 |
_a633.74 L6 _bBC _cLIBRO _d33724000200234 _eLIBRO _fc.7 _h74488 _i80411 _si |
||
| 949 |
_a633.74 L6 _bBC _cLIBRO _d33724000200374 _eLIBRO _h73527 _i80411 _si |
||
| 949 |
_a633.74 L6 _bBC _cLIBRO _d33724000200382 _eLIBRO _fc.6 _h74487 _i80411 _si |
||
| 949 |
_a633.74 L6 _bBC _cLIBRO _d33724000200390 _eLIBRO _fc.2 _h74483 _i80411 _si |
||
| 949 |
_a633.74 L6 _bBC _cLIBRO _d33724000200408 _eLIBRO _fc.8 _h74489 _i80411 _si |
||
| 949 |
_a633.74 L6 _bBC _cLIBRO _d33724000664587 _eLIBRO _fc.4 _h74485 _i80411 _si |
||
| 949 |
_a633.74 L6 _bBC _cLIBRO _d33724000758215 _eLIBRO _fc.9 _h74490 _i80411 _si |
||
| 949 |
_a633.74 L6 _bBC _cLIBRO _d33724000758264 _eLIBRO _fc.10 _h74491 _i80411 _si |
||
| 949 |
_a633.74 L6 _bBC _cLIBRO _d33724000767471 _eLIBRO _fc.5 _h74486 _i80411 _si |
||
| 949 |
_a633.74 L6 _bBC _cLIBRO _d33724000905543 _eLIBRO _fc.3 _h74484 _i80411 _si |
||
| 949 |
_a633.74 L6 _bBC _cUACH _d-94924 _eUACH _fc.11 _h87873 _i80411 _si |
||
| 949 |
_a633.74 L6 _bDCF _cLIBRO _d-6073 _eLIBRO _h3625 _i80411 _si |
||
| 949 |
_a633.74 L6 _bF _cLIBRO _d-6683 _eLIBRO _h2825 _i80411 _si |
||
| 949 |
_a633.74 L6 _bMA _cLIBRO _d-27068 _eLIBRO _h919 _i80411 _si |
||
| 949 |
_a633.74 L6 _bMA _cLIBRO _d-89199 _eLIBRO _fc.2 _h920 _i80411 _si |
||
| 949 |
_a633.74 L6 _bP _cLIBRO _d-1854 _eLIBRO _h693 _i80411 _si |
||
| 949 |
_a633.74 L6 _bPA _cLIBRO _d-5585 _eLIBRO _h1663 _i80411 _si |
||
| 949 |
_a633.74 L6 _bS _cLIBRO _d-27621 _eLIBRO _h3126 _i80411 _si |
||
| 949 |
_a633.74 L6 _bS _cLIBRO _d-85594 _eLIBRO _fc.2 _h3127 _i80411 _si |
||
| 949 |
_a633.74 L6 _bZA _cLIBRO _d-5005 _eLIBRO _h4961 _i80411 _si |
||
| 949 |
_a633.740972 L6 _bI _cLIBRO _d-28118 _eLIBRO _h3813 _i80411 _si |
||
| 999 |
_c69886 _d69886 |
||